000 00708nam a22001817a 4500
999 _c19784
_d19784
003 OSt
005 20240322131029.0
008 240322b ||||| |||| 00| 0 eng d
040 _c0
082 _aDPer 621.317 Ie21 September 2022 v.37 n. 9
100 _aNaseem, Nabeel.
_eauthor.
_954433
245 _aAutomatic mitigation of current imbalance for m-phase interleaved LLC resonant converter /
_cNabeel Naseem and Honnyong Cha
260 _aNew York;
_bThe Institute of Electrical and Electronics Engineers, Inc.,
_cSeptember 2022.
300 _avolume 37,
_bpages 10122-10127,
_cillustration.
700 _aNaseem, Nabeel.
_eauthor.
_954433
700 _aCha, Honnyong.
_eauthor.
_955118
942 _2ddc
_cPER